[Event "NED-ch 2003 sf"]
[Site "Leeuwarden"]
[Date "2002.11.30"]
[Round "1.1"]
[White "Van der Werf, Mark"]
[Black "Van Mil, Johan"]
[Result "1/2-1/2"]
[WhiteElo "2423"]
[BlackElo "2406"]
[PlyCount "48"]
[EventDate "2002.??.??"]

1. d4 f5 2. g3 Nf6 3. Bg2 g6 4. Nf3 Bg7 5. O-O O-O 6. c4 d6 7. Nc3 c6 8. d5 e5
9. dxe6 Bxe6 10. Qd3 Nbd7 11. Ng5 Ne5 12. Nxe6 Qe7 13. Qc2 Qxe6 14. b3 Nh5 15.
Ba3 Rad8 16. Rad1 Kh8 17. Qc1 Qf6 18. Bb2 g5 19. Rd2 Qh6 20. Rfd1 Rfe8 21. Rd4
Nf7 22. R4d3 Ne5 23. Rd4 Nf7 24. R4d3 Ne5 1/2-1/2

[Event "NED-ch 2003 sf"]
[Site "Leeuwarden"]
[Date "2002.11.30"]
[Round "1.1"]
[White "Mellegers, Joost"]
[Black "Bosboom, Manuel"]
[Result "1/2-1/2"]
[WhiteElo "2282"]
[BlackElo "2454"]
[PlyCount "51"]
[EventDate "2002.??.??"]

1. Nf3 c5 2. c4 a6 3. Nc3 Nf6 4. g3 b6 5. Bg2 Bb7 6. O-O e6 7. Re1 d6 8. e4
Nbd7 9. d4 cxd4 10. Nxd4 Qc8 11. f4 h5 12. h3 Be7 13. Be3 g6 14. Rc1 O-O 15.
Bf2 Re8 16. f5 Ne5 17. fxe6 fxe6 18. Nf3 Nfd7 19. Nxe5 dxe5 20. Qd2 Kh7 21. Rf1
Qc7 22. Be3 Rf8 23. Bh6 Rxf1+ 24. Rxf1 Nf6 25. Bg5 Rf8 26. Kh2 1/2-1/2

[Event "NED-ch 2003 sf"]
[Site "Leeuwarden"]
[Date "2002.11.30"]
[Round "1.1"]
[White "Bosch, Jeroen"]
[Black "Hoeksema, Erik"]
[Result "1/2-1/2"]
[WhiteElo "2444"]
[BlackElo "2367"]
[PlyCount "65"]
[EventDate "2002.??.??"]

1. e4 e6 2. Nf3 d5 3. Nc3 Nf6 4. e5 Nfd7 5. d4 c5 6. dxc5 Nc6 7. Bf4 Bxc5 8.
Bd3 f6 9. exf6 Nxf6 10. O-O O-O 11. Qe2 Bd7 12. Rae1 a6 13. a3 Nd4 14. Nxd4
Bxd4 15. Be5 Qb6 16. Nd1 Rae8 17. c4 Bc6 18. Bxd4 Qxd4 19. Ne3 Kh8 20. Rd1 Qh4
21. f3 Nh5 22. g3 Qg5 23. Ng4 dxc4 24. Bxc4 Qc5+ 25. Kg2 Qg5 26. h3 e5 27. Bd3
Nf6 28. Nxf6 gxf6 29. Be4 Bb5 30. Bd3 Bc6 31. Be4 Bb5 32. Bd3 Bc6 33. Be4
1/2-1/2

[Event "NED-ch 2003 sf"]
[Site "Leeuwarden"]
[Date "2002.11.30"]
[Round "1.1"]
[White "Van de Oudeweetering, Arthur"]
[Black "Delemarre, Jop"]
[Result "0-1"]
[WhiteElo "2413"]
[BlackElo "2418"]
[PlyCount "77"]
[EventDate "2002.??.??"]

1. e4 e6 2. d4 d5 3. Nc3 Bb4 4. e5 c5 5. a3 Bxc3+ 6. bxc3 Qa5 7. Bd2 Qa4 8. Nf3
b6 9. h4 Ba6 10. Bxa6 Qxa6 11. h5 h6 12. Rh3 Ne7 13. Nh4 Nbc6 14. Qg4 Rg8 15.
Qf4 Qa4 16. dxc5 Qxf4 17. Bxf4 bxc5 18. Rb1 Kd7 19. Rb7+ Kc8 20. Rb5 c4 21. Kd2
a6 22. Rb2 Kc7 23. Rh1 Rab8 24. Rhb1 Rxb2 25. Rxb2 d4 26. Ke1 Nd5 27. Bg3 dxc3
28. Rb1 Nd4 29. Kd1 Rd8 30. Rc1 Kc6 31. Ke1 Rb8 32. Nf3 Nxf3+ 33. gxf3 Rb2 34.
Kd1 f5 35. exf6 gxf6 36. Bh4 e5 37. a4 Kd6 38. Ra1 a5 39. Ra3 0-1

[Event "NED-ch 2003 sf"]
[Site "Leeuwarden"]
[Date "2002.11.30"]
[Round "1.1"]
[White "Dambacher, Martijn"]
[Black "Solleveld, Maarten"]
[Result "1-0"]
[WhiteElo "2362"]
[BlackElo "2453"]
[PlyCount "113"]
[EventDate "2002.??.??"]

1. d4 Nf6 2. c4 e6 3. Nc3 Bb4 4. e3 c5 5. Bd3 O-O 6. Nge2 cxd4 7. exd4 d5 8. a3
dxc4 9. Bxc4 Bxc3+ 10. Nxc3 Nc6 11. Be3 b6 12. O-O Bb7 13. Ba2 Ne7 14. Bg5 Ng6
15. d5 exd5 16. Qd4 h6 17. Bxf6 Qxf6 18. Qxf6 gxf6 19. Bxd5 Bxd5 20. Nxd5 Kg7
21. Ne3 Nf4 22. Rfd1 Rfd8 23. g3 Nd3 24. Rd2 Ne5 25. Rxd8 Rxd8 26. f4 Nc6 27.
Rc1 Nd4 28. Rd1 Kg6 29. Kf2 f5 30. Nc2 Nc6 31. Rxd8 Nxd8 32. Ke3 Kf6 33. Kd4
Ke6 34. Kc4 Nc6 35. Kb5 Kd6 36. Ne3 Ne7 37. Ka6 Kc5 38. Kxa7 b5 39. Ka6 Kd4 40.
Kxb5 Kxe3 41. Kc5 h5 42. a4 h4 43. a5 h3 44. a6 Nc8 45. b4 Kf3 46. b5 Kg2 47.
b6 Nxb6 48. Kxb6 Kxh2 49. a7 Kg1 50. a8=Q h2 51. Qa1+ Kg2 52. Qa2+ Kxg3 53. Qd5
Kxf4 54. Qh1 Kg3 55. Kc5 f4 56. Kd4 f5 57. Ke5 1-0

[Event "NED-ch 2003 sf"]
[Site "Leeuwarden"]
[Date "2002.11.30"]
[Round "1.1"]
[White "Hendriks, Willy"]
[Black "Van Blitterswijk, Stefan"]
[Result "0-1"]
[WhiteElo "2418"]
[BlackElo "2415"]
[PlyCount "88"]
[EventDate "2002.??.??"]

1. e4 c5 2. Nf3 d6 3. Bb5+ Nd7 4. d4 Ngf6 5. O-O a6 6. Bxd7+ Nxd7 7. c4 g6 8.
e5 dxe5 9. dxe5 Bg7 10. Qe2 e6 11. Nc3 Qc7 12. Re1 b6 13. Ne4 O-O 14. Bf4 Bb7
15. Rad1 b5 16. b3 bxc4 17. bxc4 Bxe4 18. Qxe4 Rab8 19. Rd6 Rb6 20. Red1 Rxd6
21. exd6 Qa5 22. h3 Qxa2 23. Bg5 Qa4 24. Rb1 Bf6 25. Qh4 Qc2 26. Re1 Qc3 27.
Bxf6 Nxf6 28. Re5 Nd7 29. Re3 Qf6 30. Qe4 Rb8 31. Qc6 Qd8 32. Rd3 a5 33. Rd1
Qc8 34. Qa4 Ra8 35. Nd2 Ra6 36. Ne4 Qc6 37. Qc2 a4 38. Nc3 a3 39. Qb3 Qb6 40.
Nb5 a2 41. Ra1 Qa5 42. Qc2 Qa4 43. Qe4 Qb3 44. Nc7 Qb2 0-1

[Event "NED-ch 2003 sf"]
[Site "Leeuwarden"]
[Date "2002.11.30"]
[Round "1.1"]
[White "Van der Weide, Karel"]
[Black "Hoogendoorn, Joost"]
[Result "1-0"]
[WhiteElo "2400"]
[BlackElo "2429"]
[PlyCount "89"]
[EventDate "2002.??.??"]

1. e4 c6 2. d4 d5 3. e5 Bf5 4. Nf3 e6 5. Be2 Nd7 6. O-O Ne7 7. Nh4 c5 8. c3 Be4
9. Nd2 Nc6 10. Nxe4 dxe4 11. g3 Be7 12. Ng2 Qb6 13. Be3 Qxb2 14. Rb1 Qxc3 15.
Rxb7 cxd4 16. Bb5 Ndxe5 17. Bf4 O-O 18. Qb1 Rab8 19. Bxc6 Rxb7 20. Bxb7 Nf3+
21. Kh1 g5 22. Qxe4 gxf4 23. Qxf3 Qxf3 24. Bxf3 fxg3 25. hxg3 Rb8 26. Nf4 Rb2
27. a4 Ra2 28. Bc6 Rd2 29. Kg2 Kg7 30. Rb1 e5 31. Rb7 Ba3 32. Ne6+ Kg6 33. Be8
Kf6 34. Nd8 e4 35. Rxf7+ Ke5 36. Nc6+ Kd5 37. Rf5+ Kc4 38. Bf7+ Kc3 39. Nxa7
Bb2 40. Nc6 Kc2 41. a5 e3 42. a6 e2 43. Re5 d3 44. Re3 Rd1 45. a7 1-0

[Event "NED-ch 2003 sf"]
[Site "Leeuwarden"]
[Date "2002.11.30"]
[Round "1.1"]
[White "Berkvens, Joost"]
[Black "Span, Paul"]
[Result "1-0"]
[WhiteElo "2453"]
[BlackElo "2295"]
[PlyCount "99"]
[EventDate "2002.??.??"]

1. c4 Nf6 2. Nc3 e5 3. g3 Bb4 4. Bg2 O-O 5. e4 Nc6 6. Nge2 d6 7. O-O Bg4 8. f3
Be6 9. d3 Bc5+ 10. Kh1 Nd4 11. Nxd4 Bxd4 12. Ne2 Bb6 13. b3 c6 14. d4 Qe7 15.
Ba3 c5 16. d5 Bd7 17. Bb2 Ba5 18. Qd3 Rfe8 19. Rg1 a6 20. f4 Ng4 21. Raf1 exf4
22. gxf4 Qh4 23. Bh3 g6 24. f5 Rxe4 25. fxg6 hxg6 26. Qf3 Bf5 27. Nf4 Rxf4 28.
Qxf4 Qxh3 29. Rf3 Qh5 30. h3 Rf8 31. Rgg3 Be1 32. Rxg4 Bxg4 33. Qxg4 Qxg4 34.
hxg4 Bh4 35. Rh3 g5 36. Re3 b5 37. Bf6 bxc4 38. bxc4 Rb8 39. Ra3 Rb6 40. Kg2
Kh7 41. Rb3 Rxb3 42. axb3 Be1 43. Be7 Kg7 44. Bxd6 Bb4 45. Be7 f6 46. Kf3 Kf7
47. Bd8 Bc3 48. Ke4 Be5 49. Kf5 Bd4 50. d6 1-0

[Event "NED-ch 2003 sf"]
[Site "Leeuwarden"]
[Date "2002.11.30"]
[Round "1.1"]
[White "Spaan, Tigran"]
[Black "Smeets, Jan"]
[Result "1/2-1/2"]
[WhiteElo "2314"]
[BlackElo "2461"]
[PlyCount "132"]
[EventDate "2002.??.??"]

1. e4 c5 2. Nf3 d6 3. d4 cxd4 4. Nxd4 Nf6 5. Nc3 a6 6. f4 e5 7. Nf3 Nbd7 8. a4
Be7 9. Bc4 O-O 10. O-O b6 11. Nh4 Bb7 12. Nf5 Nc5 13. fxe5 dxe5 14. Qxd8 Bxd8
15. Nd6 Bc6 16. b4 Nb7 17. Nf5 Nxe4 18. Nd5 Nbd6 19. Nde7+ Kh8 20. Bxa6 Bd7 21.
b5 Re8 22. Nxd6 Nxd6 23. Nd5 Kg8 24. Rd1 Bg4 25. Nf6+ Bxf6 26. Rxd6 Be7 27. Rd5
Rad8 28. Bb7 Rxd5 29. Bxd5 Bc5+ 30. Kf1 Bf5 31. c3 Bd3+ 32. Ke1 e4 33. a5 bxa5
34. Rxa5 Bg1 35. Bf4 g5 36. Bc6 Re6 37. b6 Bxb6 38. Rxg5+ Kf8 39. Bd5 Rf6 40.
Bg3 e3 41. Bf3 Ba7 42. Rd5 Bc2 43. Rd8+ Ke7 44. Bh4 Kxd8 45. Bxf6+ Kd7 46. Ke2
Ke6 47. Bd4 Bb8 48. h3 Bb3 49. Kxe3 Bc4 50. Be2 Bd5 51. Bf1 f5 52. c4 Bc6 53.
Bg7 f4+ 54. Kd4 h5 55. c5 f3 56. g4 Kf7 57. Be5 Bxe5+ 58. Kxe5 hxg4 59. hxg4
Kg6 60. Kf4 Kf6 61. g5+ Kg7 62. Bd3 Kf7 63. Ke5 Kg7 64. Kd6 Ba8 65. c6 Bxc6 66.
Kxc6 f2 1/2-1/2

[Event "NED-ch 2003 sf"]
[Site "Leeuwarden"]
[Date "2002.11.30"]
[Round "1.1"]
[White "Visser, Yge"]
[Black "Hommeles, Theo"]
[Result "1-0"]
[WhiteElo "2431"]
[BlackElo "2390"]
[PlyCount "73"]
[EventDate "2002.??.??"]

1. e4 e5 2. Nf3 Nc6 3. Bb5 a6 4. Ba4 Nf6 5. O-O Be7 6. Re1 b5 7. Bb3 d6 8. c3
O-O 9. d3 Na5 10. Bc2 c5 11. Nbd2 Re8 12. Nf1 h6 13. Ne3 Bf8 14. Bd2 g6 15. a4
Bb7 16. b4 cxb4 17. cxb4 Nc6 18. Bb3 Nd4 19. Nxd4 exd4 20. Ng4 Nxg4 21. Qxg4
Qf6 22. axb5 axb5 23. Qd7 Rab8 24. Ra7 Red8 25. Qxb5 Qe7 26. Qb6 Bg7 27. Rc1
Rd7 28. Ba4 Rbd8 29. Bxd7 Rxd7 30. Bf4 Be5 31. Bxe5 dxe5 32. h4 Kg7 33. Rc5 h5
34. g3 f5 35. Rb5 Bc6 36. Rxd7 Bxd7 37. Qc7 1-0

[Event "NED-ch 2003 sf"]
[Site "Leeuwarden"]
[Date "2002.11.30"]
[Round "1.1"]
[White "Doggers, Peter"]
[Black "Nijboer, Friso"]
[Result "0-1"]
[WhiteElo "2192"]
[BlackElo "2556"]
[PlyCount "86"]
[EventDate "2002.??.??"]

1. e4 e6 2. d4 d5 3. Nc3 Bb4 4. e5 c5 5. a3 Ba5 6. b4 cxd4 7. Nb5 Bc7 8. f4 Bd7
9. Nxc7+ Qxc7 10. Nf3 Ba4 11. Bd3 Qc3+ 12. Bd2 Qxd3 13. cxd3 Bxd1 14. Kxd1 Nh6
15. Ke2 Nc6 16. b5 Ne7 17. Rhc1 Kd7 18. a4 f6 19. Rc2 Rac8 20. Rac1 Rxc2 21.
Rxc2 Nf7 22. exf6 gxf6 23. Nxd4 e5 24. fxe5 fxe5 25. Nf3 Rg8 26. g3 Nf5 27. Be3
Nxe3 28. Kxe3 Rg4 29. d4 exd4+ 30. Kd3 Re4 31. Rf2 Kd6 32. Nxd4 Ne5+ 33. Kc3
Re3+ 34. Kc2 Kc5 35. Rd2 Kc4 36. Nf5 Rc3+ 37. Kd1 Nf3 38. Rf2 d4 39. Ke2 Ng5
40. Nd6+ Kb4 41. Rf5 Re3+ 42. Kd2 Nf3+ 43. Kc1 Kb3 0-1

[Event "NED-ch 2003 sf"]
[Site "Leeuwarden"]
[Date "2002.11.30"]
[Round "1.1"]
[White "Van der Wiel, John"]
[Black "Lahaye, Rick"]
[Result "1/2-1/2"]
[WhiteElo "2509"]
[BlackElo "2195"]
[PlyCount "221"]
[EventDate "2002.??.??"]

1. e4 c5 2. Nc3 d6 3. Nge2 Nf6 4. g3 Nc6 5. Bg2 g6 6. O-O Bg7 7. d3 Bd7 8. h3
Nd4 9. Nxd4 cxd4 10. Ne2 Qb6 11. a4 Rc8 12. a5 Qc7 13. c4 dxc3 14. Nxc3 O-O 15.
Be3 Qb8 16. Qd2 Bc6 17. f4 b5 18. axb6 axb6 19. d4 Nd7 20. Ra3 b5 21. Na2 Nb6
22. b3 Qb7 23. d5 Bd7 24. Qf2 Ra8 25. Rxa8 Nxa8 26. e5 b4 27. Bd4 Nc7 28. exd6
Bxd4 29. Qxd4 Nb5 30. Qd2 Nxd6 31. Nxb4 Rb8 32. Nc6 Bxc6 33. dxc6 Qa7+ 34. Kh2
Rxb3 35. Rc1 Rb8 36. Qe1 Rc8 37. Qe5 Qc7 38. Rb1 Qd8 39. g4 Rc7 40. Qa5 Rc8 41.
Qxd8+ Rxd8 42. c7 Rd7 43. Rc1 Kg7 44. Bb7 h6 45. Ba6 e6 46. Rc6 Kf8 47. c8=Q+
Nxc8 48. Rxc8+ Kg7 49. Rc5 Ra7 50. Rc6 Rd7 51. Kg3 Rd1 52. Rc5 Rg1+ 53. Kf2 Ra1
54. Be2 Ra2 55. h4 Rb2 56. g5 hxg5 57. hxg5 Rb3 58. Rc7 Ra3 59. Bc4 Kf8 60. Ke2
Kg8 61. Bd3 Ra4 62. Ke3 Ra1 63. Bc4 Re1+ 64. Kd4 Kg7 65. Bb3 Kf8 66. Bc2 Kg7
67. Be4 Rf1 68. Ke5 Re1 69. Ra7 Re2 70. Ra1 Re3 71. Ra4 Re1 72. Kd6 Kf8 73. Rd4
Re2 74. Bc6 Re1 75. Ba4 Re2 76. Bc6 Re1 77. Bf3 Re3 78. Be4 Re1 79. Kd7 Re2 80.
Bd3 Re3 81. Bc4 Re1 82. Kd6 Re3 83. Bb5 Re1 84. Bc6 Re2 85. Ba4 Re1 86. Rb4 Re2
87. Rb8+ Kg7 88. Bc6 Rf2 89. Rb4 Kf8 90. Ke5 Kg7 91. Ba4 Re2+ 92. Kd6 Re3 93.
Bc6 Re1 94. Ke7 Rc1 95. Be8 Rc7+ 96. Bd7 Rc5 97. Rb8 Rc7 98. Rc8 Rb7 99. Ra8
Rc7 100. Kd6 Rc4 101. Ra4 Rc1 102. Be8 Kf8 103. Ra8 Rd1+ 104. Ke5 Kg7 105. Ra7
Re1+ 106. Kd6 Rd1+ 107. Ke7 e5 108. fxe5 Re1 109. Bxf7 Rxe5+ 110. Be6 Rxg5 111.
Rb7 1/2-1/2

[Event "NED-ch 2003 sf"]
[Site "Leeuwarden"]
[Date "2002.11.30"]
[Round "1.1"]
[White "Janssen, Ruud"]
[Black "Koster, Ramon"]
[Result "1-0"]
[WhiteElo "2473"]
[BlackElo "2221"]
[PlyCount "69"]
[EventDate "2002.??.??"]

1. d4 Nf6 2. c4 e5 3. dxe5 Ng4 4. Bf4 Bb4+ 5. Nd2 Nc6 6. Ngf3 Qe7 7. a3 Ngxe5
8. Nxe5 Nxe5 9. e3 Bxd2+ 10. Qxd2 d6 11. Be2 Bd7 12. O-O Bc6 13. Qc3 O-O-O 14.
c5 f6 15. cxd6 Rxd6 16. b4 Rhd8 17. b5 Be4 18. Qb4 Bf5 19. e4 Be6 20. Bxe5 fxe5
21. Qc5 Bh3 22. Qe3 Be6 23. Qxa7 Qg5 24. Rad1 Rxd1 25. Qa8+ Kd7 26. Rxd1+ Ke8
27. Rxd8+ Qxd8 28. Qxb7 Qd2 29. Qc6+ Bd7 30. Qc4 Ke7 31. Bf1 Qa5 32. Qc5+ Kf6
33. Qf8+ Kg6 34. Qe7 Bxb5 35. Qe6+ 1-0

[Event "NED-ch 2003 sf"]
[Site "Leeuwarden"]
[Date "2002.11.30"]
[Round "1.1"]
[White "Kroeze, Frank"]
[Black "Werle, Jan"]
[Result "1-0"]
[WhiteElo "2375"]
[BlackElo "2434"]
[PlyCount "65"]
[EventDate "2002.??.??"]

1. e4 e6 2. d4 d5 3. Nd2 c5 4. Ngf3 Nc6 5. exd5 exd5 6. Bb5 Bd6 7. O-O Nge7 8.
dxc5 Bxc5 9. Nb3 Bd6 10. Re1 O-O 11. c3 Bg4 12. Be2 h6 13. Nfd4 Bd7 14. Be3 Ne5
15. Nb5 Bxb5 16. Bxb5 a6 17. Bf1 Nc4 18. Bxc4 dxc4 19. Nd2 Qc7 20. Qh5 Ng6 21.
Ne4 Be7 22. Bd4 Rfe8 23. Re3 Bf8 24. Rae1 Qc6 25. Qf5 Re6 26. Ng5 Rxe3 27.
Qxf7+ Kh8 28. Rxe3 hxg5 29. Re6 Qa4 30. h3 Qd1+ 31. Kh2 Qh5 32. Rxg6 Bd6+ 33.
g3 1-0

[Event "NED-ch 2003 sf"]
[Site "Leeuwarden"]
[Date "2002.??.??"]
[Round "1.1"]
[White "Jonkman, Harmen"]
[Black "Hopman, Pieter"]
[Result "1-0"]
[WhiteElo "2456"]
[BlackElo "2230"]
[PlyCount "49"]
[EventDate "2002.??.??"]

1. e4 d6 2. d4 Nf6 3. Nc3 g6 4. Nf3 c6 5. Be3 b5 6. Bd3 Qc7 7. Qd2 Nbd7 8. h3
a6 9. Ne2 c5 10. c3 Bb7 11. Ng3 Bg7 12. d5 O-O 13. Bh6 e6 14. dxe6 fxe6 15.
Bxg7 Kxg7 16. h4 d5 17. h5 dxe4 18. hxg6 Ne5 19. Qh6+ Kg8 20. Nxe5 Qxe5 21. Bc2
Qc7 22. Rh4 e3 23. Qxe3 hxg6 24. Rh6 Bd5 25. Qg5 1-0

[Event "NED-ch 2003 sf"]
[Site "Leeuwarden"]
[Date "2002.??.??"]
[Round "1.2"]
[White "Hopman, Pieter"]
[Black "Jonkman, Harmen"]
[Result "1/2-1/2"]
[WhiteElo "2230"]
[BlackElo "2456"]
[PlyCount "55"]
[EventDate "2002.??.??"]

1. c4 e6 2. Nc3 d5 3. d4 Bb4 4. cxd5 exd5 5. Bf4 c6 6. e3 Ne7 7. Nf3 Ng6 8. Bg3
Bf5 9. Be2 Nd7 10. O-O Be7 11. Rc1 Nb6 12. Nd2 O-O 13. Re1 Re8 14. Bf1 Nh4 15.
a3 a5 16. f3 Bg6 17. Bf2 Nf5 18. Nb3 Nd6 19. Nd2 a4 20. Ra1 h6 21. b4 axb3 22.
Qxb3 Nd7 23. a4 Qa5 24. Qb2 Nb6 25. Bg3 Nf5 26. Bf2 Bb4 27. Ndb1 Nd6 28. Rc1
$11 1/2-1/2

[Event "NED-ch 2003 sf"]
[Site "Leeuwarden"]
[Date "2002.12.01"]
[Round "1.2"]
[White "Hoogendoorn, Joost"]
[Black "Van der Weide, Karel"]
[Result "1/2-1/2"]
[WhiteElo "2429"]
[BlackElo "2400"]
[PlyCount "55"]
[EventDate "2002.??.??"]

1. e4 c5 2. Nf3 Nc6 3. d4 cxd4 4. Nxd4 Nf6 5. Nc3 d6 6. Bc4 e6 7. Be3 a6 8. Bb3
Na5 9. f4 Qc7 10. g4 e5 11. Nf5 Nc4 12. Bxc4 Qxc4 13. Nxd6+ Bxd6 14. Qxd6 exf4
15. Bc5 Qe6 16. e5 Qxd6 17. Bxd6 Nxg4 18. Nd5 Be6 19. Nxf4 Ne3 20. Kf2 Nf5 21.
Ba3 O-O-O 22. Rad1 Rxd1 23. Rxd1 Rd8 24. Rxd8+ Kxd8 25. b3 Bd7 26. Bc5 Bc6 27.
e6 Ke8 28. exf7+ 1/2-1/2

[Event "NED-ch 2003 sf"]
[Site "Leeuwarden"]
[Date "2002.12.01"]
[Round "1.2"]
[White "Bosboom, Manuel"]
[Black "Mellegers, Joost"]
[Result "1-0"]
[WhiteElo "2454"]
[BlackElo "2282"]
[PlyCount "73"]
[EventDate "2002.??.??"]

1. d4 d5 2. c4 c6 3. Nf3 Nf6 4. Nc3 e6 5. Bg5 Nbd7 6. cxd5 exd5 7. e3 Be7 8.
Qc2 O-O 9. Bd3 Re8 10. O-O Nf8 11. Rab1 Ne4 12. Bxe7 Qxe7 13. b4 a6 14. Bxe4
dxe4 15. Nd2 f5 16. d5 Bd7 17. Nc4 Ng6 18. Rfd1 Nh4 19. Ne2 cxd5 20. Nb6 Rad8
21. Nxd5 Qg5 22. Ng3 Bc6 23. Qb3 Kh8 24. Nc7 Rxd1+ 25. Rxd1 Rd8 26. Ne6 Rxd1+
27. Qxd1 Qe7 28. Nd4 Bd7 29. Qb3 h6 30. Qd5 Bc8 31. a3 g6 32. Qc4 Qd8 33. Qf7
Bd7 34. h3 Bc8 35. Nge2 Bd7 36. Nf4 g5 37. Nh5 1-0

[Event "NED-ch 2003 sf"]
[Site "Leeuwarden"]
[Date "2002.12.01"]
[Round "1.2"]
[White "Smeets, Jan"]
[Black "Spaan, Tigran"]
[Result "1-0"]
[WhiteElo "2461"]
[BlackElo "2314"]
[PlyCount "47"]
[EventDate "2002.??.??"]

1. e4 e6 2. d4 d5 3. Nd2 Nf6 4. e5 Nfd7 5. Bd3 c5 6. c3 Nc6 7. Ne2 Qb6 8. Nf3
cxd4 9. cxd4 f6 10. exf6 Nxf6 11. O-O Bd6 12. Nc3 O-O 13. Re1 a6 14. Bg5 Qc7
15. Bh4 Nh5 16. Bxh7+ Kxh7 17. Ng5+ Kh6 18. Nxe6 Bxe6 19. Rxe6+ g6 20. Qg4
Bxh2+ 21. Kh1 Nf4 22. Bg5+ Kh7 23. Nxd5 Nxd5 24. Qh3+ 1-0

[Event "NED-ch 2003 sf"]
[Site "Leeuwarden"]
[Date "2002.12.01"]
[Round "1.2"]
[White "Delemarre, Jop"]
[Black "Van de Oudeweetering, Arthur"]
[Result "1-0"]
[WhiteElo "2418"]
[BlackElo "2413"]
[PlyCount "79"]
[EventDate "2002.??.??"]

1. d4 d5 2. c4 c6 3. Nf3 Nf6 4. e3 e6 5. Nbd2 c5 6. cxd5 exd5 7. Bb5+ Bd7 8.
Bxd7+ Nbxd7 9. O-O Be7 10. dxc5 Nxc5 11. Nb3 Nce4 12. Bd2 O-O 13. Nbd4 Bc5 14.
Qb3 Bb6 15. Rfd1 Re8 16. Be1 Qe7 17. a4 Rad8 18. a5 Bc5 19. a6 Rb8 20. Qa4 Qd6
21. Nb5 Qd7 22. Nc3 Qf5 23. axb7 Red8 24. Nxe4 Nxe4 25. Qc6 Qe6 26. Ra6 Qxc6
27. Rxc6 Rxb7 28. Bc3 Nxc3 29. bxc3 Be7 30. g3 Kf8 31. Nd4 g6 32. Ra1 Rdb8 33.
Kg2 Bd8 34. Rd6 Bb6 35. Rxd5 Rc8 36. Ra3 Rc5 37. Rxc5 Bxc5 38. Ra6 Bb6 39. e4
Rc7 40. Nb5 1-0

[Event "NED-ch 2003 sf"]
[Site "Leeuwarden"]
[Date "2002.12.01"]
[Round "1.2"]
[White "Span, Paul"]
[Black "Berkvens, Joost"]
[Result "1/2-1/2"]
[WhiteElo "2295"]
[BlackElo "2453"]
[PlyCount "85"]
[EventDate "2002.??.??"]

1. e4 c5 2. c3 d5 3. exd5 Qxd5 4. d4 Nf6 5. Nf3 Bg4 6. Nbd2 Nc6 7. Bc4 Bxf3 8.
Qxf3 Qxf3 9. Nxf3 cxd4 10. Nxd4 Nxd4 11. cxd4 a6 12. Bg5 Rd8 13. Bxf6 gxf6 14.
d5 Bh6 15. O-O Bf4 16. b4 Rc8 17. Bd3 Rc3 18. Bf5 h5 19. g3 Bd6 20. Rac1 Bxb4
21. Rxc3 Bxc3 22. Rc1 Ba5 23. Bc8 Bd8 24. Bxb7 a5 25. Rc8 O-O 26. Ba6 h4 27.
gxh4 Kg7 28. h5 Rh8 29. Be2 f5 30. Kg2 Bb6 31. Rc6 Rh6 32. f4 Be3 33. Kf3 Bd2
34. Rxh6 Kxh6 35. Bd3 a4 36. Bxf5 Bb4 37. Kg4 a3 38. Bd3 f6 39. Be2 Bd6 40. Kf5
Bc5 41. h3 Bd6 42. Ke6 Bc5 43. Bd1 1/2-1/2

[Event "NED-ch 2003 sf"]
[Site "Leeuwarden"]
[Date "2002.12.01"]
[Round "1.2"]
[White "Van Blitterswijk, Stefan"]
[Black "Hendriks, Willy"]
[Result "1/2-1/2"]
[WhiteElo "2415"]
[BlackElo "2418"]
[PlyCount "88"]
[EventDate "2002.??.??"]

1. e4 c5 2. Nf3 Nc6 3. d4 cxd4 4. Nxd4 e6 5. Nc3 Qc7 6. f4 a6 7. Nxc6 Qxc6 8.
Bd3 b5 9. Qe2 Bb7 10. Bd2 Nf6 11. e5 b4 12. exf6 bxc3 13. Bxc3 gxf6 14. Bxf6
Rg8 15. Rg1 Bc5 16. Bxh7 Bxg1 17. Bxg8 Qe4 18. Kf1 Bxh2 19. Qxe4 Bxe4 20. Kf2
Bxf4 21. Rh1 d5 22. Bh7 Bxh7 23. Rxh7 Rc8 24. Kf3 Bd6 25. Rh8+ Kd7 26. Rxc8
Kxc8 27. c4 dxc4 28. Ke3 Bc5+ 29. Kd2 Bb4+ 30. Ke3 Kd7 31. Kd4 c3 32. bxc3 Ba3
33. g4 Kc6 34. Bd8 Bc5+ 35. Ke5 Kd7 36. Ba5 Be7 37. Bb4 Bg5 38. c4 Bd8 39. Bf8
Bh4 40. Bb4 Bg5 41. Bf8 Bh4 42. Bb4 f6+ 43. Ke4 Kc6 44. Bf8 Bg5 1/2-1/2

[Event "NED-ch 2003 sf"]
[Site "Leeuwarden"]
[Date "2002.12.01"]
[Round "1.2"]
[White "Hommeles, Theo"]
[Black "Visser, Yge"]
[Result "1-0"]
[WhiteElo "2390"]
[BlackElo "2431"]
[PlyCount "93"]
[EventDate "2002.??.??"]

1. c4 g6 2. Nc3 Bg7 3. g3 e5 4. e4 d6 5. Bg2 Nc6 6. Nge2 Be6 7. d3 Qd7 8. Nd5
Nge7 9. Bh6 O-O 10. Qd2 f6 11. O-O Rf7 12. Bxg7 Kxg7 13. b4 Raf8 14. b5 Nd8 15.
a4 c6 16. Nxe7 Rxe7 17. Qa5 b6 18. Qc3 Nb7 19. h3 Ra8 20. Kh2 a6 21. Rfb1 cxb5
22. axb5 a5 23. f4 Qc7 24. Rf1 Rf8 25. Rf3 Ref7 26. Raf1 Nc5 27. g4 g5 28. fxg5
fxg5 29. Rf5 Bxf5 30. exf5 h5 31. Bd5 hxg4 32. hxg4 Rf6 33. Kg2 Rh6 34. Ng3
Rfh8 35. Nh5+ Kf8 36. d4 Nd7 37. Qe3 Rxh5 38. gxh5 Nf6 39. Be6 Nxh5 40. f6 Nf4+
41. Rxf4 gxf4 42. Qe4 Qb8 43. Kf2 exd4 44. Qg2 Qa7 45. Qc6 Qb8 46. Qd7 Rh2+ 47.
Kg1 1-0

[Event "NED-ch 2003 sf"]
[Site "Leeuwarden"]
[Date "2002.12.01"]
[Round "1.2"]
[White "Nijboer, Friso"]
[Black "Doggers, Peter"]
[Result "1-0"]
[WhiteElo "2556"]
[BlackElo "2192"]
[PlyCount "81"]
[EventDate "2002.??.??"]

1. e4 c5 2. Nf3 d6 3. d4 cxd4 4. Nxd4 Nf6 5. Nc3 a6 6. f3 e6 7. Be3 Be7 8. Qd2
O-O 9. g4 Nc6 10. O-O-O Nxd4 11. Bxd4 b5 12. g5 Nd7 13. h4 b4 14. Na4 Rb8 15.
Kb1 Bb7 16. b3 Qc7 17. g6 hxg6 18. h5 Ne5 19. hxg6 fxg6 20. Rh3 Bf6 21. Be2 Qe7
22. Be3 Rfd8 23. Bb6 Re8 24. Qxd6 Qxd6 25. Rxd6 Be7 26. Rd1 Rbc8 27. Be3 g5 28.
Nb6 Rc7 29. Nc4 Nxc4 30. Bxc4 Bf6 31. Rg1 g4 32. Rxg4 a5 33. Rg1 a4 34. Rd1
axb3 35. cxb3 Kf7 36. Rhh1 Ree7 37. Bd2 Bc3 38. Bxc3 bxc3 39. Kc2 Kf6 40. Kxc3
g5 41. Rdg1 1-0

[Event "NED-ch 2003 sf"]
[Site "Leeuwarden"]
[Date "2002.12.01"]
[Round "1.2"]
[White "Lahaye, Rick"]
[Black "Van der Wiel, John"]
[Result "0-1"]
[WhiteElo "2195"]
[BlackElo "2509"]
[PlyCount "90"]
[EventDate "2002.??.??"]

1. e4 c5 2. Nc3 Nc6 3. d3 g6 4. Nge2 Bg7 5. h3 Nd4 6. Be3 e6 7. Qd2 Qa5 8. Rb1
Ne7 9. a3 d6 10. b4 Qd8 11. Nd1 e5 12. c3 Ne6 13. g3 d5 14. Bxc5 Nxc5 15. bxc5
dxe4 16. dxe4 Qxd2+ 17. Kxd2 O-O 18. Ne3 Rd8+ 19. Kc2 Bh6 20. Nc1 Bxe3 21. fxe3
Bd7 22. Bb5 Nc6 23. Nd3 Rac8 24. Bc4 Na5 25. Bd5 Ba4+ 26. Kd2 Bc6 27. c4 Nxc4+
28. Bxc4 Bxe4 29. Ke2 b5 30. Bxb5 Bxh1 31. Rxh1 e4 32. Rc1 exd3+ 33. Bxd3 Kf8
34. Ba6 Rc7 35. c6 Rd5 36. Bb7 Ke7 37. Rc4 Ra5 38. a4 Kd6 39. Kd3 Re7 40. Rd4+
Kc7 41. e4 Rg5 42. g4 h5 43. Ke3 Rc5 44. h4 hxg4 45. Kf4 Rce5 0-1

[Event "NED-ch 2003 sf"]
[Site "Leeuwarden"]
[Date "2002.12.01"]
[Round "1.2"]
[White "Koster, Ramon"]
[Black "Janssen, Ruud"]
[Result "1/2-1/2"]
[WhiteElo "2221"]
[BlackElo "2473"]
[PlyCount "68"]
[EventDate "2002.??.??"]

1. c4 b6 2. Nf3 Bb7 3. g3 c5 4. Bg2 Nf6 5. O-O g6 6. Nc3 Bg7 7. d4 cxd4 8. Qxd4
d6 9. Rd1 Nbd7 10. Be3 Rc8 11. Rac1 O-O 12. Qh4 a6 13. b3 Rc7 14. Nd5 Nxd5 15.
cxd5 Nf6 16. Rxc7 Qxc7 17. Rc1 Qd7 18. Bxb6 Nxd5 19. Bd4 e5 20. Bb2 Rc8 21. Qg5
f5 22. Qd2 Rxc1+ 23. Qxc1 Qc6 24. Qxc6 Bxc6 25. Bf1 Bf6 26. Nd2 Kf7 27. e3 Nc7
28. Bc3 Bb7 29. Nc4 Ke6 30. Ba5 Kd7 31. Be2 d5 32. Nb2 e4 33. Na4 Ne6 34. Kf1
d4 1/2-1/2

[Event "NED-ch 2003 sf"]
[Site "Leeuwarden"]
[Date "2002.12.01"]
[Round "1.2"]
[White "Werle, Jan"]
[Black "Kroeze, Frank"]
[Result "1/2-1/2"]
[WhiteElo "2434"]
[BlackElo "2375"]
[PlyCount "56"]
[EventDate "2002.??.??"]

1. Nf3 d5 2. d4 c5 3. dxc5 e6 4. c4 Bxc5 5. e3 Nf6 6. a3 Bb6 7. b4 a5 8. c5 Bc7
9. Bb2 axb4 10. axb4 Rxa1 11. Bxa1 O-O 12. Nc3 b6 13. cxb6 Bd6 14. b5 Nbd7 15.
Be2 Nxb6 16. O-O e5 17. Na4 Re8 18. Qc2 Bd7 19. Rc1 Nxa4 20. Qxa4 Qb8 21. g3
Rc8 22. Rxc8+ Bxc8 23. Qa5 Bg4 24. Bc3 d4 25. Bxd4 exd4 26. Nxd4 Bxe2 27. Nxe2
Bc5 28. Nc3 Bb6 1/2-1/2